000 00369nam a2200133Ia 4500
008 220204s9999 xx 000 0 und d
082 _a630*9
_bCOL
245 0 _aStruggle for land and the fate of the forests
260 _aMalaysia
_bWorld rainforest movement
_c1993
650 _aRainforests
700 _aColchester, Marcus
700 _aLohmann, Larry
942 _cBK
999 _c40727
_d40727